Rivesaltes - Choix multiples - Statistiques

Statistiques générales
  • Ce quiz a été pris 28 fois
  • Le résultat moyen est 6 sur 10
Statistiques - réponses
Question Réponse % Correct
Pour quel type d'alcool les vignobles de Rivesaltes sont-ils notamment célèbres ? Le muscat
86%
Qui furent les premiers internés du camp de Rivesaltes ? Des réfugiés espagnols
82%
Quel célèbre maréchal de France est né à Rivesaltes en 1852 ? Joseph Joffre
64%
Quel fleuve traverse la commune d'Ouest en Est ? L'Agly
64%
Laquelle de ces photographies représente Cap Roussillon, la plus grande zone commerciale du département ?
55%
Que signifie "Ribesaltes", le nom de la commune en catalan ? Rives hautes
55%
Quel train touristique a pour terminus la gare SNCF de Rivesaltes ? Le train rouge (train du pays Cathare et du Fenouillèdes)
50%
Qu'est-ce que Babau, donnant son nom à l'une des fêtes du village ? Un dragon mangeur d'enfants
50%
A quelle commune littorale Rivesaltes est-elle reliée par l'une des principales voies cyclables vertes du département ? Le Barcarès
36%
Pour quelle raison plus de deux mille personnes se soulevèrent-elles à Rivesaltes le 26 mars 1873, donnant lieu à des affrontements avec la police occasionnant deux victimes et une profonde crise politique ? Pour protester contre la détermination aléatoire de la durée du service militaire
9%
Aucun quiz correspondant
Distribution des résultats
% des personnes avec chaque résultat
Percentile par nombre de réponses
Votre historique - résultats
Vous n’avez pas pris ce quiz